| 000 | 00530nam a22001817a 4500 | ||
|---|---|---|---|
| 942 | _cBK | ||
| 999 |
_c141 _d141 |
||
| 005 | 20250420134757.0 | ||
| 008 | 191121b ||||| |||| 00| 0 eng d | ||
| 020 | _a9781793017932 | ||
| 040 | _cKCST | ||
| 082 | _a152.4 | ||
| 100 |
_aCooper, Brandon _9552 |
||
| 245 |
_aEmotional intelligence : _bmastery bible, 7 books in 1 / _cBrandon Cooper |
||
| 260 |
_a[S.I.]: _bIndependently published; _c2018 |
||
| 300 | _a397 p. | ||
| 650 |
_aEmotional intelligence _xSelf-discipline. _9553 _vAnger management. |
||
| 942 | _2ddc | ||